000 01213cam a22002774a 4500
001 13584127
005 20060728204855.0
008 040506s2005 flua bf 001 0 eng
010 _a2004050336
020 _a1566706114 (alk. paper)
040 _aDLC
_cDLC
_dDLC
042 _apcc
050 0 0 _aRA1270.A34
_bA374 2004
082 0 0 _a614.592
_222
_bAER
245 0 0 _aAerosols Handbook :
_bMeasurement, Dosimetry, and Health Effects /
_cedited by Lev S. Ruzer and Naomi H. Harley.
260 _aBoca Raton :
_bCRC Press,
_cc2005.
300 _axvi, 709 p. :
_bill. ;
_c26 cm.
504 _aIncludes bibliographical references and index.
650 0 _aAerosols
_xToxicology
_vHandbooks, manuals, etc.
_921364
700 1 _aRuzer, Lev S.
_q(Lev Solomonovich)
_921365
700 1 _aHarley, Naomi H.
_921366
856 4 2 _3Publisher description
_uhttp://www.loc.gov/catdir/enhancements/fy0646/2004050336-d.html
942 _2ddc
_cNB
999 _c10727
_d10727